Widok standardowy
Widok MARC
Pozycja Personal Name
Liczba rekordów, w których użyto hasła: 1
001 - Numer kontrolny
- control field: 41062
003 - Identyfikator numeru kontrolnego
- control field: NUKAT
005 - Data i czas ostatniej modyfikacji
- control field: 20260430140058.0
008 - Dane kontrolne kodowane (40 znaków)
- fixed length control field: 170918n||a|znnaabn |a aaa |c
010 ## - Numer kontrolny Biblioteki Kongresu
- numer kontrolny LC: n 2017084400
040 ## - Instytucja sporządzająca rekord
- inst. przygot. dane do rek. khw: WR U/ms
- język haseł przedmiotowych/tezaurus: kaba
- inst. wprow. rek. khw: WR U/ms
100 1# - Hasło - nazwa osobowa
- nazwa osobowa w formie ujednoliconej: Pejaś, Ewa.
670 ## - Źródło informacji
- źródło informacji: Kp. Myśl polityczna Kazimierza Czapińskiego w latach 1918-1939 / Ewa Pejaś. - Warszawa, 2017.
670 ## - Źródło informacji
- źródło informacji: BNPol online